000 00669nam a22002177a 4500
003 OSt
005 20251223100649.0
008 251223b |||||||| |||| 00| 0 eng d
020 _a9789997101969
040 _cDCL
041 _aEnglish
082 _a959.101
100 1 _aAung-Thwin, Michael
245 1 0 _aPagan :
_bthe origins of modern Burma /
_cMichael Aung-Thwin.
260 _a Honolulu
_bUniversity of Hawaii Press,
_c1985.
300 _aviii, 264 pages :
_c20 cm.
504 _aIncludes bibliographical notes and index.
651 _aMyanmar
_vHistory
_yPagan period, 849-1287
651 _aPagan (Myanmar)
_vHistory
942 _2ddc
_cSHORT TERM
_n0
999 _c2789
_d2789